| 000 | 00372nam a2200145Ia 4500 | ||
|---|---|---|---|
| 008 | 240624s9999 xx 000 0 und d | ||
| 041 | _aeng | ||
| 082 | _a658.15 FIX | ||
| 100 | _aFIXSEN RACHEL | ||
| 245 | _aKICKSTART YOUR MONEY THE COMPLETE GUIDE | ||
| 250 | _a11 | ||
| 260 |
_c2002 _aEngland _bJohn Wiley & Sons |
||
| 300 | _axi, : 172 : p. : cm. ; 19 | ||
| 365 |
_c _b30 |
||
| 999 |
_c17932 _d17932 |
||